000 01297nam a22005050a 4500
001 PT32305
003 AR-LpoUNG
005 20210131225928.0
008 191001s1999||||ag |||||||||||||||||spa d
020 _a9502307583
_c$5.90
040 _aAR-LpoUNG
_bspa
_cAR-LpoUNG
_eaacr
041 _aspa
044 _aag
082 0 _a982.063 257doc
100 1 _aCaraballo, Liliana
245 1 0 _aDocumentos de historia argentina :
_b1955-1976
250 _a1ra. ed., 1ra. reimp.
260 _aBuenos Aires :
_bEUDEBA,
_c1999.
300 _a231 :
_bfot.
650 4 _aANALISIS HISTORICO
650 4 _aARGENTINA
650 4 _aASPECTOS ECONOMICOS
650 4 _aAUTORITARISMO
650 4 _aDEMOCRACIA
650 4 _aDICTADURA
650 4 _aEDUCACION
650 4 _aGOBIERNO MILITAR
650 4 _aGOLPES DE ESTADO
650 4 _aHISTORIA ECONOMICA
650 4 _aHISTORIA POLITICA
650 4 _aHISTORIA SOCIAL
650 4 _aIDEOLOGIAS POLITICAS
650 4 _aIGLESIA CATOLICA
650 4 _aMOVIMIENTOS OBREROS
650 4 _aPARTIDOS POLITICOS
650 4 _aREVOLUCION
650 4 _aUNIVERSIDADES
651 4 _aArgentina
653 _aONGANIATO
653 _aPERONISMO
700 1 _aCharlier, Noemí
700 1 _aGarulli, Liliana
905 _a32305
942 _cLIB
999 _c578
_d578